[Event "EYCC Open-U18 2019"]
[Site "Bratislava"]
[Date "2019.08.08"]
[Round "7.14"]
[White "Martinez Fernandez, Adrian"]
[Black "Gaifullin, Artur"]
[Result "0-1"]
[WhiteElo "2311"]
[BlackElo "2453"]
[Annotator "ChessBase"]
[PlyCount "144"]
[EventDate "2019.08.02"]
[EventType "swiss"]
[EventCountry "SVK"]
[SourceTitle "playchess.com"]
[Source "ChessBase"]
[SourceQuality "1"]
[TimeControl "40/5400+30:1800+30"]

1. e4 {[%emt 0:00:00]} g6 {[%emt 0:00:00]} 2. d4 {[%emt 0:00:08]} Bg7 {[%emt 0:00:00]} 3. Nc3 {[%emt 0:02:53]} d6 {[%emt 0:00:00]} 4. Be3 {[%emt 0:00:26]} a6 {[%emt 0:00:00]} 5. Qd2 {[%emt 0:00:58]} b5 {[%emt 0:00:00]} 6. h4 {[%emt 0:03:14]} h6 {[%emt 0:00:03]} 7. O-O-O {[%emt 0:02:30]} Bb7 {[%emt 0:00:09]} 8. f3 {[%emt 0:00:44]} Nd7 {[%emt 0:00:04]} 9. d5 {[%emt 0:06:43]} Ngf6 {[%emt 0:04:46]} 10. Nce2 {[%emt 0:03:58]} Ne5 {[%emt 0:07:32]} 11. Ng3 {[%emt 0:03:00]} h5 {[%emt 0:02:00]} 12. Nh3 {[%emt 0:00:34]} Rc8 {[%emt 0:03:17]} 13. Ng5 {[%emt 0:02:34]} c6 {[%emt 0:02:34]} 14. dxc6 {[%emt 0:00:30]} Nxc6 {[%emt 0:00:21]} 15. Ne2 {[%emt 0:01:23]} Qc7 {[%emt 0:05:10]} 16. Kb1 {[%emt 0:03:52]} Nd7 {[%emt 0:00:44]} 17. Nf4 {[%emt 0:02:51]} Qa5 {[%emt 0:31:27]} 18. Qxa5 {[%emt 0:14:42]} Nxa5 {[%emt 0:00:02]} 19. Nd5 {[%emt 0:00:22]} Nc4 {[%emt 0:05:01]} 20. Bd4 {[%emt 0:05:28]} Bxd4 {[%emt 0:04:54]} 21. Rxd4 {[%emt 0:00:07]} Nde5 {[%emt 0:02:37]} 22. Bxc4 {[%emt 0:04:34]} Nxc4 {[%emt 0:00:24]} 23. Re1 {[%emt 0:00:54]} Rc5 {[%emt 0:05:07]} 24. Ne3 {[%emt 0:05:51]} Ne5 {[%emt 0:01:51]} 25. f4 {[%emt 0:05:24]} Ng4 {[%emt 0:02:16]} 26. Nf1 {[%emt 0:09:51]} O-O {[%emt 0:02:08]} 27. Nd2 {[%emt 0:01:02]} Rfc8 {[%emt 0:05:47]} 28. c3 {[%emt 0:00:52]} R5c7 {[%emt 0:00:08]} 29. Ndf3 {[%emt 0:02:18]} Rc4 {[%emt 0:02:38]} 30. Nd2 {[%emt 0:06:09]} R4c5 {[%emt 0:01:31]} 31. g3 {[%emt 0:01:18]} Ba8 {[%emt 0:00:22]} 32. Nf1 {[%emt 0:03:06]} Rc4 {[%emt 0:01:05]} 33. Nd2 {[%emt 0:00:19]} R4c5 {[%emt 0:01:49]} 34. Nf1 {[%emt 0:00:01]} f6 {[%emt 0:01:13]} 35. Ne6 {[%emt 0:01:09]} Rc4 {[%emt 0:00:26]} 36. Rxc4 {[%emt 0:02:21]} Rxc4 {[%emt 0:00:24]} 37. Nd2 {[%emt 0:00:10]} Rc8 {[%emt 0:00:06]} 38. Re2 {[%emt 0:04:26]} Kf7 {[%emt 0:00:38]} 39. Nd4 {[%emt 0:00:02]} e5 {[%emt 0:00:21]} 40. N4f3 {[%emt 0:00:00]} Re8 {[%emt 0:00:00]} 41. fxe5 {[%emt 0:07:19]} dxe5 {[%emt 0:02:54]} 42. Kc2 {[%emt 0:00:11]} Rd8 {[%emt 0:02:08]} 43. Nb3 {[%emt 0:00:48]} Rc8 {[%emt 0:01:06]} 44. a3 {[%emt 0:03:14]} f5 {[%emt 0:02:35]} 45. Ng5+ {[%emt 0:02:14]} Kf6 {[%emt 0:00:03]} 46. Nh7+ {[%emt 0:01:40]} Kg7 {[%emt 0:01:33]} 47. Ng5 {[%emt 0:00:01]} Kf6 {[%emt 0:05:03]} 48. Nh7+ {[%emt 0:00:02]} Ke7 {[%emt 0:00:04]} 49. Ng5 {[%emt 0:00:08]} Rf8 {[%emt 0:01:36]} 50. exf5 {[%emt 0:02:05]} gxf5 {[%emt 0:00:33]} 51. Nc5 {[%emt 0:00:28]} a5 {[%emt 0:01:17]} 52. Nce6 {[%emt 0:02:46]} Rb8 {[%emt 0:02:16]} 53. Nd4 {[%emt 0:04:35]} Kf6 {[%emt 0:00:11]} 54. Nb3 {[%emt 0:00:02]} a4 {[%emt 0:02:26]} 55. Nc5 {[%emt 0:00:01]} Rd8 {[%emt 0:00:15]} 56. b3 {[%emt 0:04:20]} axb3+ {[%emt 0:01:33]} 57. Nxb3 {[%emt 0:00:02]} Bd5 {[%emt 0:01:05]} 58. Nc5 {[%emt 0:00:48]} Bc4 {[%emt 0:03:08]} 59. Re1 {[%emt 0:00:01]} Rd5 {[%emt 0:01:02]} 60. Nce6 {[%emt 0:02:00]} Nf2 {[%emt 0:03:26]} 61. Nc7 {[%emt 0:01:24]} Rd8 {[%emt 0:00:27]} 62. Nh7+ {[%emt 0:00:09]} Kg6 {[%emt 0:02:25]} 63. Ng5 {[%emt 0:00:44]} Nd3 {[%emt 0:02:20]} 64. Re3 {[%emt 0:00:01]} e4 {[%emt 0:01:16]} 65. Nce6 {[%emt 0:04:18]} Ra8 {[%emt 0:00:08]} 66. Nf4+ {[%emt 0:00:19]} Nxf4 {[%emt 0:00:02]} 67. gxf4 {[%emt 0:00:01]} Rxa3 {[%emt 0:00:10]} 68. Rg3 {[%emt 0:00:02]} Kh6 {[%emt 0:00:21]} 69. Kd2 {[%emt 0:01:09]} b4 {[%emt 0:00:17]} 70. Nh3 {[%emt 0:01:20]} b3 {[%emt 0:00:23]} 71. Rg1 {[%emt 0:01:32]} Ra2+ {[%emt 0:00:35]} 72. Kc1 {[%emt 0:00:50]} Bd3 {[%emt 0:00:09]} 0-1

[Event "EYCC Open-U18 2019"]
[Site "Bratislava"]
[Date "2019.08.08"]
[Round "7.15"]
[White "Heimisson, Hilmir Freyr"]
[Black "Miesbauer, Jan"]
[Result "0-1"]
[WhiteElo "2279"]
[BlackElo "2409"]
[Annotator "NA"]
[PlyCount "114"]
[EventDate "2019.08.02"]
[EventType "swiss"]
[EventCountry "SVK"]
[SourceTitle "playchess.com"]
[Source "ChessBase"]
[SourceQuality "1"]
[TimeControl "40/5400+30:1800+30"]

1. c4 {[%emt 0:00:00]} c5 {[%emt 0:00:00]} 2. g3 {[%emt 0:00:00]} Nc6 {[%emt 0:00:00]} 3. Bg2 {[%emt 0:00:00]} g6 {[%emt 0:00:00]} 4. Nc3 {[%emt 0:00:04]} Bg7 {[%emt 0:00:07]} 5. Nf3 {[%emt 0:00:17]} e5 {[%emt 0:00:36]} 6. O-O {[%emt 0:04:59]} d6 {[%emt 0:00:18]} 7. Ne1 {[%emt 0:16:01]} Be6 {[%emt 0:00:25]} 8. Nd5 {[%emt 0:05:24]} Nge7 {[%emt 0:00:51]} 9. Nc2 {[%emt 0:01:53]} O-O {[%emt 0:01:14]} 10. a3 {[%emt 0:02:17]} a5 {[%emt 0:00:34]} 11. Rb1 {[%emt 0:01:11]} Rb8 {[%emt 0:05:56]} 12. b4 {[%emt 0:17:53]} b5 {[%emt 0:05:26]} 13. bxc5 {[%emt 0:02:27]} bxc4 {[%emt 0:01:10]} 14. Rxb8 {[%emt 0:07:18]} Qxb8 {[%emt 0:00:07]} 15. Nce3 {[%emt 0:00:48]} Nxd5 {[%emt 0:04:13]} 16. Nxd5 {[%emt 0:02:46]} Qb5 {[%emt 0:01:42]} 17. d3 {[%emt 0:07:10]} cxd3 {[%emt 0:03:13]} 18. Qxd3 {[%emt 0:01:10]} Qxd3 {[%emt 0:02:00]} 19. exd3 {[%emt 0:00:04]} dxc5 {[%emt 0:00:13]} 20. Be3 {[%emt 0:00:42]} Nd4 {[%emt 0:00:44]} 21. Bxd4 {[%emt 0:01:09]} cxd4 {[%emt 0:00:30]} 22. Ne7+ {[%emt 0:01:54]} Kh8 {[%emt 0:00:06]} 23. Rb1 {[%emt 0:00:23]} Re8 {[%emt 0:11:52]} 24. Bd5 {[%emt 0:10:08]} Bxd5 {[%emt 0:11:06]} 25. Nxd5 {[%emt 0:00:05]} Bf8 {[%emt 0:09:25]} 26. Rb5 {[%emt 0:02:45]} a4 {[%emt 0:01:52]} 27. Ra5 {[%emt 0:02:05]} Rd8 {[%emt 0:08:35]} 28. Nb6 {[%emt 0:05:23]} e4 {[%emt 0:08:17]} 29. Kf1 {[%emt 0:03:18]} exd3 {[%emt 0:02:18]} 30. Rxa4 {[%emt 0:02:36]} Rb8 {[%emt 0:02:40]} 31. Nc4 {[%emt 0:01:16]} Rb1+ 32. Kg2 Bc5 {[%emt 0:05:44]} 33. Kf3 {[%emt 0:01:52]} Rc1 {[%emt 0:01:16]} 34. Nd2 {[%emt 0:00:55]} Rc2 {[%emt 0:01:10]} 35. Nb3 {[%emt 0:00:14]} d2 {[%emt 0:02:21]} 36. Ke2 {[%emt 0:00:37]} d3+ {[%emt 0:00:26]} 37. Kd1 {[%emt 0:00:17]} Bxf2 {[%emt 0:00:23]} 38. Ra8+ {[%emt 0:00:28]} Kg7 {[%emt 0:00:05]} 39. Rd8 {[%emt 0:00:51]} Be3 {[%emt 0:01:26]} 40. Rxd3 {[%emt 0:00:00]} Rc1+ {[%emt 0:00:00]} 41. Ke2 {[%emt 0:00:46]} Re1+ {[%emt 0:00:14]} 42. Kf3 {[%emt 0:01:10]} d1=Q+ {[%emt 0:00:52]} 43. Rxd1 {[%emt 0:00:04]} Rxd1 {[%emt 0:00:08]} 44. Kxe3 {[%emt 0:00:02]} Rb1 {[%emt 0:02:06]} 45. Nc5 {[%emt 0:00:15]} Ra1 {[%emt 0:00:12]} 46. a4 {[%emt 0:00:08]} f5 {[%emt 0:00:28]} 47. Kd4 {[%emt 0:00:20]} Kf6 {[%emt 0:00:23]} 48. Kc4 {[%emt 0:00:29]} g5 {[%emt 0:00:28]} 49. Kb5 {[%emt 0:00:35]} f4 {[%emt 0:00:15]} 50. gxf4 {[%emt 0:00:05]} gxf4 {[%emt 0:00:06]} 51. a5 {[%emt 0:00:15]} f3 {[%emt 0:01:10]} 52. a6 {[%emt 0:00:13]} Ke5 {[%emt 0:00:55]} 53. Nd3+ {[%emt 0:01:28]} Kd4 {[%emt 0:01:09]} 54. Nf2 {[%emt 0:00:07]} Ra2 {[%emt 0:00:25]} 55. Ng4 {[%emt 0:01:29]} f2 {[%emt 0:00:22]} 56. Nxf2 {[%emt 0:00:03]} Rxf2 {[%emt 0:00:04]} 57. a7 {[%emt 0:00:22]} Ra2 {[%emt 0:00:07]} 0-1

[Event "EYCC Open-U18 2019"]
[Site "Bratislava"]
[Date "2019.08.08"]
[Round "7.16"]
[White "Travadon, Loic"]
[Black "Stevanic, David"]
[Result "1-0"]
[WhiteElo "2403"]
[BlackElo "2306"]
[Annotator "NA"]
[PlyCount "138"]
[EventDate "2019.08.02"]
[EventType "swiss"]
[EventCountry "SVK"]
[SourceTitle "playchess.com"]
[Source "ChessBase"]
[SourceQuality "1"]
[TimeControl "40/5400+30:1800+30"]

1. Nf3 {[%emt 0:00:00]} Nf6 {[%emt 0:00:00]} 2. c4 {[%emt 0:00:00]} g6 {[%emt 0:00:00]} 3. Nc3 {[%emt 0:00:00]} d6 {[%emt 0:00:30]} 4. d4 {[%emt 0:00:00]} Bg7 {[%emt 0:00:07]} 5. e4 {[%emt 0:00:07]} O-O {[%emt 0:00:11]} 6. h3 {[%emt 0:00:02]} e5 {[%emt 0:01:41]} 7. d5 {[%emt 0:00:04]} a5 {[%emt 0:05:11]} 8. g4 {[%emt 0:00:09]} Na6 {[%emt 0:02:14]} 9. Be3 {[%emt 0:00:05]} Kh8 {[%emt 0:08:11]} 10. Nd2 {[%emt 0:01:55]} Ng8 {[%emt 0:07:13]} 11. h4 {[%emt 0:00:57]} f5 {[%emt 0:01:11]} 12. exf5 {[%emt 0:00:49]} gxf5 {[%emt 0:00:14]} 13. gxf5 {[%emt 0:00:06]} Bxf5 {[%emt 0:01:03]} 14. Nde4 {[%emt 0:01:24]} Nc5 {[%emt 0:10:18]} 15. Nxc5 {[%emt 0:10:53]} dxc5 {[%emt 0:00:05]} 16. Qd2 {[%emt 0:00:41]} Nf6 {[%emt 0:03:36]} 17. O-O-O {[%emt 0:03:07]} Ne4 {[%emt 0:10:38]} 18. Nxe4 {[%emt 0:00:27]} Bxe4 {[%emt 0:00:05]} 19. Rh3 {[%emt 0:20:05]} Bf3 {[%emt 0:17:20]} 20. Be2 {[%emt 0:00:30]} e4 {[%emt 0:01:36]} 21. Bxc5 {[%emt 0:06:34]} Qf6 {[%emt 0:01:16]} 22. Bxf3 {[%emt 0:02:40]} exf3 {[%emt 0:00:26]} 23. Bd4 {[%emt 0:17:18]} Qxd4 {[%emt 0:00:29]} 24. Qxd4 {[%emt 0:00:01]} Bxd4 {[%emt 0:00:06]} 25. Rxd4 {[%emt 0:00:02]} Rae8 {[%emt 0:00:32]} 26. Kc2 {[%emt 0:01:06]} a4 {[%emt 0:06:29]} 27. Rd2 {[%emt 0:06:20]} Rf4 {[%emt 0:09:20]} 28. b3 {[%emt 0:01:52]} a3 {[%emt 0:01:25]} 29. Rg3 {[%emt 0:00:24]} b5 {[%emt 0:06:00]} 30. cxb5 {[%emt 0:00:25]} Rb8 {[%emt 0:01:18]} 31. d6 {[%emt 0:00:19]} cxd6 {[%emt 0:01:19]} 32. Rxd6 {[%emt 0:00:08]} Rxh4 {[%emt 0:02:05]} 33. Rxf3 {[%emt 0:00:01]} Rh1 {[%emt 0:01:17]} 34. b4 {[%emt 0:03:41]} Rxb5 {[%emt 0:01:18]} 35. Rxa3 {[%emt 0:00:01]} Rb7 {[%emt 0:01:01]} 36. Rg3 {[%emt 0:00:44]} Rb8 {[%emt 0:00:57]} 37. a3 {[%emt 0:00:21]} Rf1 {[%emt 0:00:35]} 38. Rf3 {[%emt 0:00:09]} Rc8+ {[%emt 0:00:37]} 39. Kb3 {[%emt 0:00:16]} Ra8 {[%emt 0:00:30]} 40. Rd7 {[%emt 0:00:00]} Rb1+ {[%emt 0:00:00]} 41. Ka2 {[%emt 0:01:11]} Rxb4 {[%emt 0:03:12]} 42. Rh3 {[%emt 0:00:55]} Kg8 {[%emt 0:02:33]} 43. Rdxh7 {[%emt 0:02:24]} Ra5 {[%emt 0:02:56]} 44. R7h5 {[%emt 0:03:24]} Rxh5 {[%emt 0:05:51]} 45. Rg3+ {[%emt 0:00:31]} Rg4 {[%emt 0:05:35]} 46. Rxg4+ {[%emt 0:00:28]} Kf7 {[%emt 0:00:07]} 47. Rf4+ {[%emt 0:00:23]} Ke6 {[%emt 0:00:12]} 48. a4 {[%emt 0:00:32]} Kd6 {[%emt 0:00:50]} 49. Kb3 {[%emt 0:00:52]} Kc5 {[%emt 0:01:05]} 50. Rc4+ {[%emt 0:00:14]} Kb6 {[%emt 0:00:22]} 51. f4 {[%emt 0:00:18]} Rh1 {[%emt 0:00:26]} 52. Kc3 {[%emt 0:00:21]} Rd1 {[%emt 0:03:05]} 53. Kc2 {[%emt 0:00:17]} Rd5 {[%emt 0:02:18]} 54. Kc3 {[%emt 0:00:31]} Rd1 {[%emt 0:00:13]} 55. Rd4 {[%emt 0:00:04]} Rf1 {[%emt 0:00:52]} 56. Rb4+ {[%emt 0:01:56]} Ka5 {[%emt 0:01:59]} 57. Re4 {[%emt 0:00:12]} Rd1 {[%emt 0:01:31]} 58. f5 {[%emt 0:00:31]} Rf1 {[%emt 0:00:19]} 59. Re5+ {[%emt 0:00:01]} Kxa4 {[%emt 0:00:12]} 60. Kc4 {[%emt 0:00:18]} Rf2 {[%emt 0:01:05]} 61. Kc5 {[%emt 0:00:45]} Ka5 {[%emt 0:00:40]} 62. Kd6+ {[%emt 0:00:10]} Kb6 {[%emt 0:00:07]} 63. Ke7 {[%emt 0:00:04]} Ra2 {[%emt 0:01:24]} 64. f6 {[%emt 0:00:09]} Ra7+ {[%emt 0:00:05]} 65. Ke6 {[%emt 0:00:09]} Kc6 {[%emt 0:00:34]} 66. f7 {[%emt 0:00:06]} Ra8 {[%emt 0:00:11]} 67. Ke7 {[%emt 0:00:05]} Ra7+ {[%emt 0:00:21]} 68. Kf6 {[%emt 0:00:06]} Ra8 {[%emt 0:00:13]} 69. Re8 {[%emt 0:00:06]} Kd5 1-0

[Event "EYCC Open-U18 2019"]
[Site "Bratislava"]
[Date "2019.08.08"]
[Round "7.17"]
[White "Mitsis, Georgios"]
[Black "Hurdzan, Tomas"]
[Result "1/2-1/2"]
[WhiteElo "2399"]
[BlackElo "2231"]
[Annotator "NA"]
[PlyCount "83"]
[EventDate "2019.08.02"]
[EventType "swiss"]
[EventCountry "SVK"]
[SourceTitle "playchess.com"]
[Source "ChessBase"]
[SourceQuality "1"]
[TimeControl "40/5400+30:1800+30"]

1. d4 {[%emt 0:00:00]} d5 {[%emt 0:00:00]} 2. Nf3 {[%emt 0:00:00]} Nf6 {[%emt 0:00:00]} 3. c4 {[%emt 0:00:00]} dxc4 {[%emt 0:00:14]} 4. e3 {[%emt 0:00:03]} Bg4 {[%emt 0:00:32]} 5. Bxc4 {[%emt 0:00:24]} e6 {[%emt 0:00:22]} 6. Nc3 {[%emt 0:00:37]} Nbd7 {[%emt 0:00:52]} 7. O-O {[%emt 0:05:05]} Bb4 {[%emt 0:01:26]} 8. Qb3 {[%emt 0:10:00]} c5 {[%emt 0:16:22]} 9. dxc5 {[%emt 0:01:06]} Bxc5 {[%emt 0:03:39]} 10. Be2 {[%emt 0:08:59]} Qb6 {[%emt 0:06:50]} 11. Qxb6 {[%emt 0:06:17]} Bxb6 {[%emt 0:02:36]} 12. b3 {[%emt 0:00:52]} O-O {[%emt 0:01:16]} 13. Bb2 {[%emt 0:02:28]} Nc5 {[%emt 0:03:47]} 14. Ne5 {[%emt 0:02:05]} Bxe2 {[%emt 0:00:16]} 15. Nxe2 {[%emt 0:00:03]} Rfd8 {[%emt 0:01:52]} 16. Nc4 {[%emt 0:00:37]} Bc7 {[%emt 0:07:19]} 17. Bd4 {[%emt 0:08:44]} Ncd7 {[%emt 0:10:08]} 18. Rac1 {[%emt 0:00:32]} a6 {[%emt 0:02:28]} 19. f3 {[%emt 0:00:17]} b5 {[%emt 0:00:34]} 20. Nb2 {[%emt 0:02:27]} Rac8 {[%emt 0:01:18]} 21. Nd3 {[%emt 0:04:00]} Bd6 {[%emt 0:06:31]} 22. Rxc8 {[%emt 0:10:23]} Rxc8 {[%emt 0:00:03]} 23. Rc1 {[%emt 0:00:09]} Rxc1+ {[%emt 0:00:18]} 24. Nexc1 {[%emt 0:00:05]} Nd5 {[%emt 0:01:56]} 25. e4 {[%emt 0:00:19]} Nb4 {[%emt 0:05:24]} 26. Nxb4 {[%emt 0:00:11]} Bxb4 {[%emt 0:00:02]} 27. Nd3 {[%emt 0:00:08]} Be7 {[%emt 0:01:14]} 28. Kf2 {[%emt 0:00:13]} f6 {[%emt 0:00:29]} 29. Ke2 {[%emt 0:00:50]} Kf7 {[%emt 0:00:05]} 30. Kd2 {[%emt 0:00:08]} Nb8 {[%emt 0:07:21]} 31. Kc3 {[%emt 0:02:39]} Nc6 {[%emt 0:00:06]} 32. Bc5 {[%emt 0:04:37]} Bd8 {[%emt 0:00:03]} 33. Kd2 {[%emt 0:05:35]} Bc7 {[%emt 0:00:28]} 34. g3 {[%emt 0:00:35]} g5 {[%emt 0:02:34]} 35. Ke3 {[%emt 0:01:13]} Kg6 {[%emt 0:02:06]} 36. Nc1 {[%emt 0:01:42]} Kf7 {[%emt 0:00:56]} 37. Ne2 {[%emt 0:00:07]} Ke8 {[%emt 0:01:51]} 38. Nc1 {[%emt 0:05:27]} Kf7 {[%emt 0:00:34]} 39. Nd3 {[%emt 0:00:06]} Ke8 {[%emt 0:00:35]} 40. Ke2 {[%emt 0:00:00]} Kf7 {[%emt 0:00:00]} 41. Ke3 {[%emt 0:02:13]} Ke8 {[%emt 0:02:09]} 42. Ke2 {[%emt 0:00:10]} 1/2-1/2

[Event "EYCC Open-U18 2019"]
[Site "Bratislava"]
[Date "2019.08.08"]
[Round "7.18"]
[White "Zabolotnov, Evgeny"]
[Black "Baenziger, Fabian"]
[Result "0-1"]
[WhiteElo "2284"]
[BlackElo "2352"]
[Annotator "NA"]
[PlyCount "70"]
[EventDate "2019.08.02"]
[EventType "swiss"]
[EventCountry "SVK"]
[SourceTitle "playchess.com"]
[Source "ChessBase"]
[SourceQuality "1"]
[TimeControl "40/5400+30:1800+30"]

1. d4 {[%emt 0:00:00]} Nf6 {[%emt 0:00:27]} 2. c4 {[%emt 0:00:00]} g6 {[%emt 0:00:43]} 3. Nc3 {[%emt 0:00:00]} Bg7 {[%emt 0:00:05]} 4. e4 {[%emt 0:00:00]} d6 {[%emt 0:00:05]} 5. Nf3 {[%emt 0:00:14]} O-O {[%emt 0:00:23]} 6. Be2 {[%emt 0:00:04]} Na6 {[%emt 0:01:33]} 7. O-O {[%emt 0:00:19]} e5 {[%emt 0:00:03]} 8. Be3 {[%emt 0:02:42]} Ng4 {[%emt 0:01:26]} 9. Bg5 {[%emt 0:00:24]} Qe8 {[%emt 0:00:05]} 10. d5 {[%emt 0:01:34]} h6 {[%emt 0:11:35]} 11. Bh4 {[%emt 0:00:06]} Nf6 {[%emt 0:02:49]} 12. Nd2 {[%emt 0:03:20]} Nh7 {[%emt 0:01:25]} 13. a3 {[%emt 0:01:20]} h5 {[%emt 0:03:56]} 14. f3 {[%emt 0:02:03]} Bh6 {[%emt 0:07:05]} 15. b4 {[%emt 0:07:15]} f5 {[%emt 0:00:56]} 16. c5 {[%emt 0:12:36]} Be3+ {[%emt 0:21:39]} 17. Bf2 {[%emt 0:00:51]} Bxf2+ {[%emt 0:00:23]} 18. Rxf2 {[%emt 0:00:02]} f4 {[%emt 0:00:24]} 19. Rc1 {[%emt 0:20:22]} g5 {[%emt 0:02:11]} 20. cxd6 {[%emt 0:02:23]} cxd6 {[%emt 0:00:13]} 21. Nb5 {[%emt 0:00:56]} Rf6 {[%emt 0:00:36]} 22. Nc7 {[%emt 0:07:02]} Nxc7 {[%emt 0:00:38]} 23. Rxc7 {[%emt 0:00:01]} Rg6 {[%emt 0:00:51]} 24. Qc2 {[%emt 0:11:18]} g4 {[%emt 0:02:50]} 25. Rf1 {[%emt 0:01:24]} Kh8 {[%emt 0:04:46]} 26. Rc1 {[%emt 0:01:28]} Rg8 {[%emt 0:00:20]} 27. Qc3 {[%emt 0:06:31]} Qd8 {[%emt 0:03:05]} 28. Bf1 {[%emt 0:17:08]} Ng5 {[%emt 0:01:59]} 29. Kh1 {[%emt 0:00:17]} Qf6 {[%emt 0:03:37]} 30. Qd3 {[%emt 0:01:12]} g3 {[%emt 0:08:17]} 31. h3 {[%emt 0:00:36]} Nxh3 {[%emt 0:00:34]} 32. gxh3 {[%emt 0:00:16]} Bxh3 {[%emt 0:00:47]} 33. Kg1 {[%emt 0:02:01]} g2 {[%emt 0:01:34]} 34. Be2 {[%emt 0:00:05]} Qh4 {[%emt 0:00:04]} 35. Rf7 {[%emt 0:01:06]} Be6 {[%emt 0:00:19]} 0-1

[Event "EYCC Open-U18 2019"]
[Site "Bratislava"]
[Date "2019.08.08"]
[Round "7.19"]
[White "Brinovec, David"]
[Black "Fus, Jakub"]
[Result "1/2-1/2"]
[WhiteElo "2205"]
[BlackElo "2341"]
[Annotator "NA"]
[PlyCount "92"]
[EventDate "2019.08.02"]
[EventType "swiss"]
[EventCountry "SVK"]
[SourceTitle "playchess.com"]
[Source "ChessBase"]
[SourceQuality "1"]
[TimeControl "40/5400+30:1800+30"]

1. e4 {[%emt 0:00:00]} c6 {[%emt 0:00:00]} 2. d4 {[%emt 0:00:00]} d5 {[%emt 0:00:04]} 3. exd5 {[%emt 0:00:03]} cxd5 {[%emt 0:00:12]} 4. c4 {[%emt 0:00:12]} Nf6 {[%emt 0:00:23]} 5. Nc3 {[%emt 0:00:09]} e6 {[%emt 0:00:16]} 6. Nf3 {[%emt 0:00:49]} Bb4 {[%emt 0:00:18]} 7. Bd3 {[%emt 0:04:10]} dxc4 {[%emt 0:01:33]} 8. Bxc4 {[%emt 0:00:11]} O-O {[%emt 0:00:31]} 9. O-O {[%emt 0:00:48]} b6 {[%emt 0:04:16]} 10. Qe2 {[%emt 0:01:06]} Bb7 {[%emt 0:00:59]} 11. Bg5 {[%emt 0:01:52]} Bxc3 {[%emt 0:00:32]} 12. bxc3 {[%emt 0:00:06]} Nbd7 {[%emt 0:01:02]} 13. Rac1 {[%emt 0:09:46]} Qc7 {[%emt 0:01:56]} 14. Bd3 {[%emt 0:07:24]} Rac8 {[%emt 0:09:28]} 15. c4 {[%emt 0:10:31]} Rfe8 {[%emt 0:03:48]} 16. Ne5 {[%emt 0:02:30]} Nxe5 {[%emt 0:10:00]} 17. dxe5 {[%emt 0:00:37]} Qc6 {[%emt 0:01:35]} 18. f3 {[%emt 0:03:27]} Nd7 {[%emt 0:01:04]} 19. c5 {[%emt 0:11:20]} bxc5 {[%emt 0:05:04]} 20. Rfd1 {[%emt 0:01:13]} Qc7 {[%emt 0:05:35]} 21. f4 {[%emt 0:05:03]} Bd5 {[%emt 0:07:15]} 22. Bxh7+ {[%emt 0:09:07]} Kxh7 {[%emt 0:02:25]} 23. Qh5+ {[%emt 0:00:21]} Kg8 {[%emt 0:00:04]} 24. Rc3 {[%emt 0:00:12]} f6 {[%emt 0:04:25]} 25. exf6 {[%emt 0:02:09]} Nxf6 {[%emt 0:00:54]} 26. Bxf6 {[%emt 0:00:38]} Qf7 {[%emt 0:09:29]} 27. Qxf7+ {[%emt 0:01:27]} Kxf7 {[%emt 0:00:05]} 28. Be5 {[%emt 0:01:10]} Re7 {[%emt 0:04:21]} 29. Rg3 {[%emt 0:04:48]} Rg8 {[%emt 0:07:36]} 30. Bd6 {[%emt 0:08:40]} Rb7 {[%emt 0:03:30]} 31. Bxc5 {[%emt 0:00:47]} Bxa2 {[%emt 0:03:22]} 32. Ra1 {[%emt 0:00:52]} Bd5 {[%emt 0:03:08]} 33. Rxa7 {[%emt 0:01:55]} Rxa7 {[%emt 0:00:07]} 34. Bxa7 {[%emt 0:00:01]} Rc8 {[%emt 0:00:12]} 35. h4 {[%emt 0:01:20]} g6 {[%emt 0:00:08]} 36. Bd4 {[%emt 0:00:40]} Rc2 {[%emt 0:00:17]} 37. Kh2 {[%emt 0:00:35]} Be4 {[%emt 0:00:51]} 38. Be5 {[%emt 0:00:47]} Ra2 {[%emt 0:00:08]} 39. Rg5 {[%emt 0:01:06]} Rc2 {[%emt 0:01:40]} 40. Kh3 {[%emt 0:00:00]} Rc1 {[%emt 0:00:00]} 41. g4 {[%emt 0:04:18]} Rg1 {[%emt 0:16:35]} 42. h5 {[%emt 0:02:33]} gxh5 {[%emt 0:00:27]} 43. gxh5 {[%emt 0:00:19]} Rxg5 {[%emt 0:00:14]} 44. fxg5 {[%emt 0:00:04]} Bf5+ {[%emt 0:00:02]} 45. Kh4 {[%emt 0:00:09]} Bb1 {[%emt 0:00:04]} 46. g6+ {[%emt 0:00:05]} Bxg6 {[%emt 0:00:04]} 1/2-1/2

[Event "EYCC Open-U18 2019"]
[Site "Bratislava"]
[Date "2019.08.08"]
[Round "7.20"]
[White "Parkhov, Yair"]
[Black "Santryan, Davit"]
[Result "1-0"]
[WhiteElo "2354"]
[BlackElo "2167"]
[Annotator "NA"]
[PlyCount "71"]
[EventDate "2019.08.02"]
[EventType "swiss"]
[EventCountry "SVK"]
[SourceTitle "playchess.com"]
[Source "ChessBase"]
[SourceQuality "1"]
[TimeControl "40/5400+30:1800+30"]

1. d4 {[%emt 0:00:00]} g6 {[%emt 0:00:51]} 2. e4 {[%emt 0:00:27]} Bg7 {[%emt 0:01:03]} 3. Nc3 {[%emt 0:06:57]} d6 {[%emt 0:01:21]} 4. g3 {[%emt 0:04:23]} e5 {[%emt 0:03:28]} 5. Be3 {[%emt 0:02:36]} Nc6 {[%emt 0:01:30]} 6. dxe5 {[%emt 0:00:59]} dxe5 {[%emt 0:01:04]} 7. Qxd8+ {[%emt 0:00:53]} Nxd8 {[%emt 0:04:12]} 8. Nb5 {[%emt 0:02:59]} Ne6 {[%emt 0:05:53]} 9. Nxa7 {[%emt 0:08:03]} Bd7 {[%emt 0:12:38]} 10. Nb5 {[%emt 0:02:49]} f5 {[%emt 0:05:38]} 11. Nf3 {[%emt 0:14:46]} h6 {[%emt 0:11:10]} 12. Nh4 {[%emt 0:11:47]} Ne7 {[%emt 0:08:28]} 13. Nxg6 {[%emt 0:10:19]} Nxg6 {[%emt 0:25:16]} 14. exf5 {[%emt 0:00:22]} Ra5 {[%emt 0:02:47]} 15. a4 {[%emt 0:06:19]} Bc6 {[%emt 0:07:50]} 16. Rg1 {[%emt 0:01:28]} Ng5 {[%emt 0:00:46]} 17. Bxg5 {[%emt 0:00:26]} hxg5 {[%emt 0:00:13]} 18. fxg6 {[%emt 0:00:12]} e4 {[%emt 0:01:50]} 19. c3 {[%emt 0:03:02]} Bxb5 {[%emt 0:00:36]} 20. Bxb5+ {[%emt 0:00:13]} c6 {[%emt 0:00:01]} 21. Bc4 {[%emt 0:00:33]} Rxh2 {[%emt 0:00:09]} 22. Ke2 {[%emt 0:03:08]} e3 {[%emt 0:02:53]} 23. Bf7+ {[%emt 0:01:51]} Kf8 {[%emt 0:00:32]} 24. Kxe3 {[%emt 0:01:50]} Re5+ {[%emt 0:00:04]} 25. Kf3 {[%emt 0:05:40]} Rf5+ {[%emt 0:00:37]} 26. Kg4 {[%emt 0:00:08]} Rhxf2 {[%emt 0:01:01]} 27. Rge1 {[%emt 0:04:02]} Re5 {[%emt 0:00:18]} 28. Rxe5 {[%emt 0:00:41]} Bxe5 {[%emt 0:00:01]} 29. Re1 {[%emt 0:01:05]} Bf6 {[%emt 0:00:06]} 30. b3 {[%emt 0:01:39]} Rd2 {[%emt 0:01:16]} 31. Re8+ {[%emt 0:01:57]} Kg7 {[%emt 0:00:02]} 32. Rb8 {[%emt 0:00:19]} Rd7 {[%emt 0:00:24]} 33. Kf5 {[%emt 0:01:07]} Bxc3 {[%emt 0:00:25]} 34. Kxg5 {[%emt 0:00:15]} Bf6+ {[%emt 0:01:08]} 35. Kf5 {[%emt 0:00:09]} Bd4 {[%emt 0:00:36]} 36. g4 {[%emt 0:00:26]} 1-0